00687nam a22001937a 450000500170000002000270001703700080004408200120005210000290006424500860009326000360017927000320021530000390024750000220028670000260030894200260033499900170036095201160037720100914120356.0 a9780736080224c1225.00 bUBH a796.334 aHargreaves, Alan 919939 aSkills and strategies for coacing soccer /cby Alan Hargreaves (and) Richard Bate aChampaignbHuman Kineticsc2010 aP.O. Box, 5076, bChampaign axviii, 370p. bphotos c28cm(pbk)  aIncludes glossary a Bate, Richard919940 2ddccENh796.334mHAR c45635d45635 0010407-18NFICaAGbAGd2010-09-14g1225.00l0o796.334 HARr2010-09-14 00:00:00t1v1225.00w2010-09-14yEN